000 00657nam a2200193 a 4500
001 000029236
005 20200930055421.0
008 110414s2010 sp a 000 0 spa d
020 _a9788475550992
040 _aDO-SdBNP
_bspa
_cBNPHU
082 _axxx
_bA159g
100 1 _aAbrahams, Peter H.
_956133
240 1 0 _aMcMinn´s colour Atlas of human anatomy
_lespañol
245 1 0 _aGran atlas McMinn de anatomía humana /
_cPeter H. Abrahams, Sandy C. Marks Jr., Ralph Hutchings.
260 _aBarcelona, España :
_bOceano-Mosby,
_c2010.
300 _a378 p. :
_bil., ;
_c29 cm.
700 1 _aMarks, Sandy C., Jr
_956134
700 1 _aHutchings, Ralph
_956135
999 _c28728
_d28728